000 00810cam a22002654a 4500
999 _c216529
_d216529
005 20260330160018.0
008 110922s2012 mau b 001 0 eng
010 _a 2011038297
020 _a9780262517638
_qpbk. : alk. paper
020 _a0262517639
_qpbk. : alk. paper
040 _aLC
_cUNZA
_eRDA
050 0 0 _aLB 3051
_bKEE 1994
100 1 _aKeeves, John P.
_eauthor
245 1 0 _aNational examinations design, procedures and reporting /
_cJohn P. Keeves.
260 _aParis :
_bUNESCO,
_c1994.
300 _a108 pages :
_cillustrations.
336 _atext
337 _aunmediated
338 _avolume
504 _aIncludes bibliographical references.
650 0 _aEducational tests and measurements
650 0 _aEducation
_xEvaluation
650 0 _aAchievement tests
942 _cBOOK